| 000 | 00329nam a2200121Ia 4500 | ||
|---|---|---|---|
| 008 | 220204s9999 xx 000 0 und d | ||
| 082 |
_a678:532.73 _bHAR;1 |
||
| 100 | _aHarris, F W | ||
| 245 | 0 | _aStructure solubility relationships in polymers | |
| 260 |
_aNew York _bAcademic _c1977 |
||
| 700 | _aSeymour, Raymond B | ||
| 942 | _cBK | ||
| 999 |
_c35351 _d35351 |
||